| 000 | 01928nam a22003377a 4500 | ||
|---|---|---|---|
| 003 | OSt | ||
| 005 | 20251125113944.0 | ||
| 008 | 250910b |||||||| |||| 00| 0 eng d | ||
| 020 | _a0018-7267 | ||
| 020 | _a1741-282X | ||
| 040 |
_bEnglish _ctbs |
||
| 041 | _aEnglish | ||
| 100 |
_aLewin, Kurt _926581 |
||
| 245 |
_aFrontiers in Group Dynamics _b: Concept, Method and Reality in Social Science _c/ Kurt Lewin |
||
| 246 | _aHuman Relations, 1(1), 5-41. https://doi.org/10.1177/001872674700100103 (Original work published 1947) | ||
| 260 |
_bHuman Relations _c1947 |
||
| 362 | _aHuman Relations, 1(1), 5-41. https://doi.org/10.1177/001872674700100103 (Original work published 1947) | ||
| 520 | _aOne of the byproducts of World War II of which society is hardly aware is the new stage of development that the social sciences have reached. This development may, indeed, prove to be as revolutionary as the atom bomb. Applying cultural anthropology to modern rather than “primitive” cultures, experimenting with groups inside and outside the laboratory, and measuring the sociopsychological aspects of large social bodies—together with the combination of economic, cultural, and psychological fact-finding—are all developments that started before the war. However, by providing unprecedented facilities and by demanding realistic and workable solutions to scientific problems, the war greatly accelerated the shift of the social sciences to a new level of development. | ||
| 653 | _aGroup dynamics | ||
| 653 | _aField theory | ||
| 653 | _aSocial psychology | ||
| 653 | _aForce-field analysis | ||
| 653 | _aOrganisational change | ||
| 653 | _aGroup behaviour | ||
| 653 | _aAction research | ||
| 653 | _aSocial systems | ||
| 653 | _aChange processes | ||
| 653 | _aUnfreezing and refreezing | ||
| 856 | _uhttps://journals-sagepub-com.hub.tbs-education.fr/doi/abs/10.1177/001872674700100103 | ||
| 942 | _2lcc | ||
| 999 |
_c5199 _d5199 |
||